Loading...
| Literature - World | 0 | 7 | 2 | 1 | 60 | 35 | 58.86 | 3 | 4 | 31.04 | 48.70 |
| Literature - British | 0 | 6 | 1 | 0 | 55 | 47 | 74.33 | 1 | 4 | 19.62 | 37.18 |
| Literature - American | 0 | 5 | 0 | 0 | 50 | 62 | 78.20 | 0 | 2 | 14.30 | 23.86 |
| Literature - European | 0 | 5 | 1 | 2 | 45 | 40 | 82.00 | 0 | 3 | 12.91 | 26.95 |
| Fine Arts - Classical Music | 0 | 4 | 0 | 2 | 40 | 90 | 107.75 | 0 | 1 | 3.33 | 17.69 |
| Fine Arts - Other | 0 | 3 | 0 | 1 | 30 | 63 | 88.00 | 0 | 1 | 5.89 | 11.36 |
| History - American | 0 | 2 | 0 | 0 | 20 | 12 | 27.00 | 2 | 2 | 13.23 | 18.18 |
| Social Science | 0 | 2 | 0 | 1 | 20 | 84 | 94.50 | 0 | 0 | 2.10 | 4.69 |
| Painting/Sculpture | 0 | 2 | 0 | 0 | 20 | 72 | 83.50 | 0 | 0 | 5.18 | 7.31 |
| Pop Culture | 0 | 2 | 0 | 0 | 20 | 15 | 28.00 | 0 | 1 | 30.19 | 26.79 |
| Mythology | 0 | 2 | 0 | 0 | 20 | 57 | 85.00 | 0 | 0 | 4.62 | 6.17 |
| Geography | 0 | 1 | 0 | 1 | 10 | 119 | 119.00 | 0 | 1 | 0.00 | 4.76 |
| History - Other | 0 | 1 | 0 | 1 | 10 | 114 | 114.00 | 0 | 0 | 0.00 | 1.14 |